[Event "Challenge"]
[Site "http://www.queenalice.com/game.php?id=1352403"]
[Date "2015.4.8"]
[Round "-"]
[White "Huevo"]
[Black "kaky"]
[Result "1-0"]
[WhiteElo "1937"]
[BlackElo "1100"]

1. e4 Nf6 2. e5 Nd5 3. d4 f6 4. f4 c6 5. c4 Nb4 6. a3 N4a6 7. Nf3 e6 8. Nc3 f5
9. Be2 h6 10. Be3 h5 11. O-O Be7 12. Ng5 Rf8 13. Bxh5+ Rf7 14. Nxf7 Qc7 15. Bg6
d6 16. exd6 Bxd6 17. Nxd6+ Kd8 18. Ne8 Qd7 19. d5 cxd5 20. cxd5 b5 21. Qf3 Bb7
22. Rfd1 Nc7 23. dxe6 Nxe6 24. Rxd7+ Kxd7 25. Qxb7+ Nc7 26. Qxc7+ Ke6 27. Qd6#
1-0

[Event "OS INCLIVEIS"]
[Site "http://www.queenalice.com/game.php?id=1352894"]
[Date "2015.4.10"]
[Round "-"]
[White "adelio"]
[Black "kaky"]
[Result "1-0"]
[WhiteElo "1758"]
[BlackElo "1100"]

1. d4 h5 2. c4 Rh6 3. Bxh6 gxh6 4. e4 Nc6 5. d5 Ne5 6. Qxh5 d6 7. Qd1 e6 8. Be2
exd5 9. cxd5 f5 10. Bh5+ Nf7 11. exf5 Nf6 12. Qe2+ Qe7 13. Nc3 Bxf5 14. Bxf7+
Kxf7 15. O-O-O Ne4 16. Nf3 Bg4 17. Nxe4 b6 18. h3 Bf5 19. Rhe1 Re8 20. Rd4 c5
21. dxc6 Rc8 22. Nxd6+ Kf6 23. Qxe7+ Bxe7 24. Nxc8 Bc5 25. Rf4 Kg6 26. Rxf5 Kxf5
27. c7 a5 28. Ne7+ Kf4 29. Nd5+ Kf5 30. c8=Q+ Kg6 31. Qg8+ Kh5 32. Nf6# 1-0

[Event "OS INCLIVEIS"]
[Site "http://www.queenalice.com/game.php?id=1352895"]
[Date "2015.4.10"]
[Round "-"]
[White "kaky"]
[Black "adelio"]
[Result "0-1"]
[WhiteElo "1075"]
[BlackElo "1738"]

1. e4 a6 2. d4 c5 3. d5 e5 4. dxe6 fxe6 5. Be2 g6 6. Nf3 Be7 7. Bd2 Nc6 8. Nc3
d6 9. O-O e5 10. Bc4 h5 11. Be3 h4 12. Qd5 Nf6 13. Qf7+ Kd7 14. Rad1 Kc7 15. Bg5
Rh7 16. Qxg6 Bg4 17. Nd5+ Nxd5 18. exd5 Nd4 19. Rfe1 Bxf3 20. gxf3 Nxf3+ 21. Kg2
Nxg5 22. Qf5 Qg8 23. f4 Ne4+ 24. Kf3 Rf8 25. Qxe4 Rxf4+ 26. Ke3 Rxe4+ 27. Kxe4
Qg4+ 28. Kd3 Bg5 29. h3 Qd4+ 30. Ke2 Qe3+ 31. Kf1 Rf7+ 32. Kg2 Rf2+ 33. Kg1 Qg3+
0-1

[Event "Challenge"]
[Site "http://www.queenalice.com/game.php?id=1353684"]
[Date "2015.4.15"]
[Round "-"]
[White "kaky"]
[Black "Cesar"]
[Result "0-1"]
[WhiteElo "1075"]
[BlackElo "1323"]

1. e4 e5 2. d4 f6 3. Be3 c6 4. Bd3 d5 5. Nf3 Bg4 6. Nc3 Bb4 7. O-O Nd7 8. a3 Ba5
9. dxe5 Nxe5 10. exd5 Bxc3 11. bxc3 Qxd5 12. c4 Qd7 13. h3 Bxf3 14. gxf3 Qxh3
15. Be4 f5 16. Bd3 Nxf3+ 17. Qxf3 Qxf3 18. Bg5 Qg4+ 19. Kh2 Qxg5 20. Rfe1+ Ne7
21. Re5 Qf4+ 22. Kg2 Qxe5 23. a4 O-O 24. Ra3 f4 25. f3 g5 26. a5 Nf5 27. Be4
Ne3+ 28. Kh3 Qe6+ 29. Kh2 Qxc4 30. Rb3 Qe2+ 31. Kh3 Qg2# 0-1

[Event "Challenge"]
[Site "http://www.queenalice.com/game.php?id=1354013"]
[Date "2015.4.17"]
[Round "-"]
[White "kaky"]
[Black "mafalda0"]
[Result "0-1"]
[WhiteElo "934"]
[BlackElo "1160"]

1. e4 Nf6 2. Nc3 d5 3. d3 Bg4 4. f3 Bh5 5. Be3 dxe4 6. d4 exf3 7. gxf3 a6 8. d5
e5 9. dxe6 fxe6 10. Qxd8+ Kxd8 11. Rd1+ Bd6 12. Bg5 Nc6 13. Bc4 h6 14. Bh4 Rf8
15. Bxe6 Re8 16. Nge2 Rxe6 17. Rg1 g5 18. Bg3 Bxf3 19. Bxd6 cxd6 20. Rxd6+ Rxd6
21. Rg3 Bh5 22. Re3 Nb4 23. Ne4 Nxc2+ 24. Kf2 Ng4+ 25. Kf3 Ne1+ 26. Kg3 Nxe3 27.
b4 Bxe2 0-1

[Event "Challenge"]
[Site "http://www.queenalice.com/game.php?id=1354014"]
[Date "2015.4.17"]
[Round "-"]
[White "mafalda0"]
[Black "kaky"]
[Result "1-0"]
[WhiteElo "1143"]
[BlackElo "1059"]

1. e4 e5 2. Nf3 d5 3. Nxe5 dxe4 4. Bb5+ Bd7 5. Qe2 Nf6 6. Bc4 Qe7 7. Nxf7 Rg8 8.
b3 Nc6 9. Ba3 Nd4 10. Qd1 Bg4 11. f3 exf3+ 12. Kf2 Ne4+ 13. Ke3 fxg2 14. Qg1 Rd8
15. Bxe7 Bxe7 16. Qxg2 Be2 17. Kxe4 Bxc4 18. bxc4 Nxc2 19. Nc3 Kxf7 20. Raf1+
Bf6 21. Nd5 Rge8+ 22. Kf4 g5+ 23. Kg4 h5+ 24. Kxh5 Rh8+ 25. Kg4 Rh4+ 26. Kg3 g4
27. Rxf6+ 1-0

[Event "Challenge"]
[Site "http://www.queenalice.com/game.php?id=1354018"]
[Date "2015.4.17"]
[Round "-"]
[White "Regina1962"]
[Black "kaky"]
[Result "1-0"]
[WhiteElo "2030"]
[BlackElo "983"]

1. e4 e5 2. Nf3 Qf6 3. d3 Bc5 4. Nc3 Ne7 5. Bg5 Qd6 6. Be2 O-O 7. O-O Ng6 8. a3
Nc6 9. b4 Bb6 10. Na4 f6 11. Nxb6 axb6 12. Bd2 f5 13. Bc3 Re8 14. exf5 Nf4 15.
Re1 e4 16. dxe4 Rxe4 17. Qxd6 cxd6 18. Bf1 d5 19. Rxe4 dxe4 20. Nd4 d5 21. g4 g5
22. h3 h5 23. Ne2 hxg4 24. hxg4 b5 25. Nxf4 gxf4 26. Bxb5 f3 27. Kh2 d4 28. Bxc6
dxc3 29. Bxe4 Ra6 30. Bxf3 1-0

[Event "AUTO-BEG-626"]
[Site "http://www.queenalice.com/game.php?id=1355709"]
[Date "2015.4.25"]
[Round "1"]
[White "kaky"]
[Black "gabi223"]
[Result "0-1"]
[WhiteElo "1061"]
[BlackElo "1439"]

1. d4 d5 2. e3 Bd7 3. Bd3 Nf6 4. Nf3 Bg4 5. O-O Nc6 6. Bd2 e5 7. dxe5 Nxe5 8.
Nxe5 Bxd1 9. Rxd1 Bd6 10. f4 Bxe5 11. fxe5 Ne4 12. Bb4 Qg5 0-1

[Event "AUTO-BEG-626"]
[Site "http://www.queenalice.com/game.php?id=1355711"]
[Date "2015.4.25"]
[Round "1"]
[White "kaky"]
[Black "ldittmerm"]
[Result "0-1"]
[WhiteElo "1035"]
[BlackElo "1040"]

1. d4 c6 2. e3 Nf6 3. Bd3 g6 4. Nf3 Bg7 5. Nc3 O-O 6. O-O b5 7. Bd2 d5 8. Ne5
Nbd7 9. e4 Bb7 10. a4 dxe4 11. Bxe4 Nxe4 0-1

[Event "AUTO-BEG-626"]
[Site "http://www.queenalice.com/game.php?id=1355712"]
[Date "2015.4.25"]
[Round "1"]
[White "ldittmerm"]
[Black "kaky"]
[Result "1-0"]
[WhiteElo "1056"]
[BlackElo "1007"]

1. d4 d5 2. Nf3 e6 3. g3 Bd6 4. Bg2 Nf6 5. O-O Nc6 6. c3 Ne4 7. b4 O-O 8. Nbd2
Bd7 9. Bb2 e5 10. dxe5 Bxe5 11. Nxe5 Nxe5 12. f4 1-0